Home Print Resources E-Books E-Journals IIMT Lecture Series Library Membership Form Book Recommendation Form Campus Tour Take AdmissionAbout Us Contact Us

INTERNATIONAL BUSINEES (Record no. 46299)

000 -LEADER
fixed length control field 00377nam a22001577a 4500
003 - CONTROL NUMBER IDENTIFIER
control field OSt
005 - DATE AND TIME OF LATEST TRANSACTION
control field 20240305103117.0
008 - FIXED-LENGTH DATA ELEMENTS--GENERAL INFORMATION
fixed length control field 190412b xxu||||| |||| 00| 0 eng d
020 ## - INTERNATIONAL STANDARD BOOK NUMBER
International Standard Book Number 978-0073381404
040 ## - CATALOGING SOURCE
Transcribing agency IIMT UNIVERSITY
100 ## - MAIN ENTRY--PERSONAL NAME
Personal name BALL .DONALG A.
245 ## - TITLE STATEMENT
Title INTERNATIONAL BUSINEES
260 ## - PUBLICATION, DISTRIBUTION, ETC.
Place of publication, distribution, etc. N.DELHI
Name of publisher, distributor, etc. TMH PUB
Date of publication, distribution, etc. 2009
300 ## - PHYSICAL DESCRIPTION
Extent 608
942 ## - ADDED ENTRY ELEMENTS (KOHA)
Source of classification or shelving scheme
Koha item type Book Bank
Edition 2009
Holdings
Withdrawn status Lost status Source of classification or shelving scheme Damaged status Not for loan Home library Current library Source of acquisition Cost, normal purchase price Inventory number Total Checkouts Barcode Date last seen Price effective from Koha item type
          IIMT University Central Library Meerut IIMT University Central Library Meerut T.B.C 515.00 1777   01-B-95354 04/12/2019 04/12/2019 Book Bank
IIMT, Central Library. All Rights Reserved IIMT,UNIVERSITY © 2023
Implemented and Customised by I CLOUDE EMS
You Are OPAC Visitor No
free web counter

Powered by Koha